000 00739nam a2200229Ia 4500
001 9038
003 GE_BSU
008 181216s||||||||xx |||||||||||||| ||und||
040 _cGE_BSU
080 _a821.353.1–32
100 _aკობერიძე,კარლო
245 _aსათიბის მარწყვი
245 _bმოთხრობები
245 _cრედ.ლოლა ქადაგიშვილი.მხატვ.გ.ლაფაური
260 _aთბილისი
260 _bნაკადული
260 _c1982
300 _a302გვ.21სმ.
653 _aმოთხრობები
653 _aსათიბის მარწყვი
942 _cBK
999 _c42342
_d42342